[Event "42nd Olympiad 2016"]
[Site "Baku AZE"]
[Date "2016.09.10"]
[Round "8.63"]
[Board "1"]
[White "Manan, Yoboue Hermann"]
[Black "Alice, Mateus Felizardo Viageiro"]
[Result "0-1"]
[BlackTitle "FM"]
[WhiteElo "2115"]
[BlackElo "2164"]
[WhiteTeam "Ivory Coast"]
[BlackTeam "Mozambique"]
[WhiteFideId "20800061"]
[BlackFideId "14800047"]
[EventDate "2016.09.02"]

1. e4 c5 2. Nf3 d6 3. d4 cxd4 4. Nxd4 Nf6 5. Qd3 Nbd7 6. Nc3 Nc5 7. Qe3 a6 8. f3
g6 9. g4 h5 10. g5 Nfd7 11. b4 Ne6 12. Nxe6 fxe6 13. Qd4 Ne5 14. Be2 Bg7 15. Qe3
Qc7 16. Bd2 Nc4 17. Bxc4 Qxc4 18. Rb1 Bd7 19. Qd3 Rc8 20. Rb3 O-O 21. O-O Rc7
22. f4 Rfc8 23. Rf3 Qd4+ 24. Qxd4 Bxd4+ 25. Kf1 Bc6 26. Ke2 Bxc3 27. Rfxc3 Bxe4
28. Rxc7 Rxc7 29. Rc3 Rxc3 30. Bxc3 Bxc2 31. Ke3 Kf7 32. Kd4 Ke8 33. Ke3 Kd7 34.
Bg7 h4 35. Kd4 h3 36. a3 Bb3 37. Kc3 Ba4 38. Kd3 Ke8 39. Bb2 Kf7 40. Ke3 Bc6 41.
Bc3 e5 42. fxe5 dxe5 43. Bxe5 Ke6 44. Bc7 Kd5 45. Bd8 e5 46. Bf6 Bd7 47. Be7 Ba4
48. Bf6 Bc6 49. Be7 Kc4 50. Bd6 e4 51. Kd2 Kb3 52. Be7 Bb5 53. Bc5 Kxa3 54. Kc3
Ka2 55. Kc2 Ka3 56. Kc3 Ka4 57. Be3 a5 58. bxa5 Kxa5 59. Kd4 Bd3 60. Ke5 b5 61.
Kd4 b4 62. Bd2 Ka4 63. Bf4 Bc2 64. Kc4 Bd3+ 65. Kd4 Kb5 66. Bc1 Kc6 67. Bd2 b3
68. Bc1 Kd6 69. Bb2 Ke6 70. Ke3 Kf5 71. Bf6 Kg4 72. Kf2 Kf4 73. Ke1 Kf3 74. Bd4
Kg2 75. Be5 e3 76. Kd1 b2 0-1

[Event "42nd Olympiad 2016"]
[Site "Baku AZE"]
[Date "2016.09.10"]
[Round "8.63"]
[Board "2"]
[White "Chunguane, Ilidio Alberto"]
[Black "Mambe, Lobognon Anderson Olivier"]
[Result "1/2-1/2"]
[BlackTitle "CM"]
[WhiteElo "2034"]
[BlackElo "1880"]
[WhiteTeam "Mozambique"]
[BlackTeam "Ivory Coast"]
[WhiteFideId "14800276"]
[BlackFideId "20800070"]
[EventDate "2016.09.02"]

1. d4 Nf6 2. c4 e6 3. Nc3 d5 4. Nf3 Be7 5. Bg5 Nbd7 6. c5 c6 7. e3 O-O 8. Be2
Re8 9. h3 Qc7 10. Bf4 Qa5 11. a3 Qd8 12. O-O Nh5 13. Bh2 f5 14. Ne5 Nhf6 15. b4
a6 16. a4 Nxe5 17. Bxe5 Nd7 18. f4 b6 19. a5 b5 20. g4 g6 21. g5 Bf8 22. Kh2 Bg7
23. Rg1 Kf7 24. Qe1 Rh8 25. Qg3 Ra7 26. Rg2 Ra8 27. Rh1 Bb7 28. h4 Rc8 29. Bf3
Ba8 30. Ne2 Bb7 31. h5 Ba8 32. Kg1 Nxe5 33. fxe5 Qe7 34. Rgh2 Rcg8 35. Nf4 Qd8
36. Kg2 Bb7 37. Kf2 Bc8 38. Ke2 Bd7 39. hxg6+ hxg6 40. Rh7 Rxh7 41. Rxh7 Rh8 42.
Qh4 Rxh7 43. Qxh7 Qxg5 44. Nxg6 Qh6 45. Nh8+ Ke7 46. Ng6+ Kf7 47. Nh8+ Ke7 48.
Ng6+ Kf7 49. Nh8+ 1/2-1/2

[Event "42nd Olympiad 2016"]
[Site "Baku AZE"]
[Date "2016.09.10"]
[Round "8.63"]
[Board "3"]
[White "Ble, Kouko Hubert"]
[Black "Paiva, Donaldo"]
[Result "1/2-1/2"]
[BlackTitle "CM"]
[WhiteElo "1918"]
[BlackElo "2164"]
[WhiteTeam "Ivory Coast"]
[BlackTeam "Mozambique"]
[WhiteFideId "20800088"]
[BlackFideId "14800098"]
[EventDate "2016.09.02"]

1. e4 c5 2. Nf3 d6 3. d4 cxd4 4. Nxd4 Nf6 5. Nc3 a6 6. Be2 e6 7. O-O Be7 8. Be3
O-O 9. Qd2 Qc7 10. a4 b6 11. f4 Bb7 12. Bf3 Nbd7 13. Nb3 Rfd8 14. Rad1 Nc5 15.
Nxc5 bxc5 16. Rfe1 d5 17. exd5 exd5 18. Bf2 Ne4 19. Bxe4 dxe4 20. Qe3 f5 21. b3
Bf6 22. Ne2 Rxd1 23. Rxd1 Rd8 24. Rd2 c4 25. Qc5 Qxc5 26. Rxd8+ Bxd8 27. Bxc5
cxb3 28. cxb3 Kf7 29. Nd4 g6 30. g3 Bf6 31. b4 Bxd4+ 32. Bxd4 Bc6 33. b5 axb5
34. axb5 Bxb5 35. h4 Ke6 36. Kf2 Kd5 37. Ba7 Kc4 38. Be3 Kd3 39. Ba7 1/2-1/2

[Event "42nd Olympiad 2016"]
[Site "Baku AZE"]
[Date "2016.09.10"]
[Round "8.64"]
[Board "1"]
[White "Mabrouk, Fathi"]
[Black "Anquandah, Francis Eric"]
[Result "1-0"]
[BlackTitle "IM"]
[WhiteElo "2145"]
[BlackElo "1951"]
[WhiteTeam "Tunisia"]
[BlackTeam "Ghana"]
[WhiteFideId "5500672"]
[BlackFideId "12600148"]
[EventDate "2016.09.02"]

1. c4 e5 2. Nc3 Nf6 3. g3 c6 4. d4 exd4 5. Qxd4 h6 6. Bg2 Na6 7. Nf3 Bc5 8. Qd1
O-O 9. O-O Re8 10. a3 Nc7 11. Bf4 d5 12. Bxc7 Qxc7 13. cxd5 Nxd5 14. Nxd5 cxd5
15. Rc1 Qd6 16. e3 Bg4 17. h3 Bh5 18. g4 Bg6 19. Nd4 Be4 20. Bxe4 dxe4 21. Nf5
Qe5 22. Qe2 Bb6 23. Rfd1 Rad8 24. Kg2 h5 25. Ng3 Rxd1 26. Rxd1 Bc7 27. gxh5 Re6
28. Rd4 Qg5 29. Qg4 Qb5 30. Nf5 g6 31. hxg6 fxg6 32. Nh6+ Kg7 33. Qxe6 Kxh6 34.
Rd7 Qe2 35. Qg4 1-0

[Event "42nd Olympiad 2016"]
[Site "Baku AZE"]
[Date "2016.09.10"]
[Round "8.64"]
[Board "2"]
[White "Hasford, John Kojo"]
[Black "Meftahi, Houssem"]
[Result "1/2-1/2"]
[BlackTitle "IM"]
[WhiteElo "1970"]
[BlackElo "2119"]
[WhiteTeam "Ghana"]
[BlackTeam "Tunisia"]
[WhiteFideId "12600083"]
[BlackFideId "5501660"]
[EventDate "2016.09.02"]

1. d4 d5 2. Nf3 c6 3. e3 Nf6 4. c4 e6 5. Nc3 Nbd7 6. Bd3 dxc4 7. Bxc4 b5 8. Bd3
b4 9. Ne2 c5 10. O-O Bb7 11. Ng3 cxd4 12. exd4 Bd6 13. Qe2 O-O 14. Ne5 Bxe5 15.
dxe5 Nxe5 16. Bxh7+ Kxh7 17. Qxe5 Qd5 18. Qxd5 Nxd5 19. Bd2 Rfd8 20. Rac1 f5 21.
Bg5 Rd6 22. Rfe1 Kg6 23. h4 Rc8 24. Ne2 e5 25. Rxc8 Bxc8 26. Rd1 Kf7 27. a3 a5
28. Nc1 e4 29. Nb3 bxa3 30. bxa3 Be6 31. Nxa5 Ra6 32. Bd2 Ne7 33. Rc1 Ra7 34.
Rc5 Rd7 35. Rc2 Rd3 36. Bg5 Nd5 37. Nc4 Rd1+ 38. Kh2 Ra1 39. Rb2 Kg8 40. Rb8+
Kh7 41. Re8 Bg8 42. Ra8 Ra2 43. Ne3 f4 44. Nxd5 Bxd5 45. Rd8 Bc6 46. Rd6 Ba8 47.
Bxf4 Rxf2 1/2-1/2

[Event "42nd Olympiad 2016"]
[Site "Baku AZE"]
[Date "2016.09.10"]
[Round "8.64"]
[Board "3"]
[White "Ben Ammar, Mohamed"]
[Black "Ameku, Philip Elikem"]
[Result "1-0"]
[WhiteElo "1929"]
[BlackElo "1914"]
[WhiteTeam "Tunisia"]
[BlackTeam "Ghana"]
[WhiteFideId "5502012"]
[BlackFideId "12600326"]
[EventDate "2016.09.02"]

1. Nf3 f5 2. d4 Nf6 3. c4 g6 4. Nc3 Bg7 5. g3 O-O 6. Bg2 d6 7. O-O Nc6 8. d5 Ne5
9. Nd2 Kh8 10. h3 Qe8 11. f4 Ned7 12. Nb3 a6 13. Re1 Nh5 14. Kh2 Rg8 15. e4 Bf6
16. Nd4 e5 17. Ne6 exf4 18. gxf4 g5 19. e5 dxe5 20. fxg5 Qg6 21. Bf3 Ng7 22.
gxf6 Nxe6 23. Rg1 Qxg1+ 24. Qxg1 Rxg1 25. dxe6 Rg6 26. exd7 Bxd7 27. Bxb7 Rb8
28. Bh1 c6 29. b3 Rxf6 30. Bb2 Re8 31. Na4 Rd6 32. Re1 Rd2+ 33. Kg1 Kg8 34. Bxe5
Kf7 35. Nc5 Rg8+ 36. Kf1 Be8 37. Bf4 Rxa2 38. Bf3 Rg6 39. Bh5 Kf8 40. Bxg6 hxg6
41. Bd6+ Kf7 42. Re7+ Kf6 43. Rxe8 Kg5 44. Be5 f4 45. Rf8 Kh4 46. Rxf4+ Kxh3 47.
Rf3+ Kg4 48. Rf2 Ra3 49. Kg2 Ra5 50. Bd4 Ra3 51. Re2 Kf5 52. Kf3 a5 53. Re5+ Kf6
54. Re1+ Kf5 55. Ra1 Rxa1 56. Bxa1 g5 57. Bd4 g4+ 58. Kg3 Kg5 59. Bc3 Kf5 60.
Bxa5 Ke5 61. Bc3+ Kd6 62. Bd4 Kc7 63. Kxg4 Kb6 64. b4 1-0

[Event "42nd Olympiad 2016"]
[Site "Baku AZE"]
[Date "2016.09.10"]
[Round "8.64"]
[Board "4"]
[White "Thompson, Edward Nii Lamptey"]
[Black "Schenaoui, Nabil"]
[Result "0-1"]
[WhiteTitle "CM"]
[WhiteElo "1889"]
[BlackElo "2150"]
[WhiteTeam "Ghana"]
[BlackTeam "Tunisia"]
[WhiteFideId "12600113"]
[BlackFideId "5500141"]
[EventDate "2016.09.02"]

1. e4 d6 2. d4 Nf6 3. Nc3 Nbd7 4. f4 e5 5. Nf3 exd4 6. Qxd4 c6 7. Be2 Be7 8. O-O
d5 9. Kh1 Bc5 10. Qd3 Ng4 11. Nd1 dxe4 12. Qxe4+ Kf8 13. Ne5 Ngxe5 14. fxe5 Qe7
15. Bf4 Bd6 16. Nc3 Bxe5 17. Bc4 Bxc3 18. Qxe7+ Kxe7 19. bxc3 Nb6 20. Bb3 Nd5
21. Bg3 Be6 22. c4 Nb6 23. c5 Nd5 24. Rfe1 Kd7 25. Rad1 Kc8 26. h3 h5 27. a4 g5
28. Rd4 h4 29. Be5 Re8 30. Kg1 b6 31. Bxd5 Bxd5 32. cxb6 axb6 33. Kf2 Ra5 34.
Rg4 Rg8 35. Rb4 Ra6 36. Reb1 Kd7 37. c4 Be4 38. R1b2 Ke6 39. Bh2 f5 40. Bc7 g4
41. Bxb6 gxh3 42. gxh3 Rg2+ 43. Kf1 Rxb2 44. Rxb2 Rxa4 45. Bd8 Rxc4 46. Kf2 Rc3
47. Rb7 Rxh3 48. Rh7 Rh2+ 49. Kg1 Rh1+ 50. Kf2 h3 51. Bc7 c5 52. Bf4 c4 53. Rc7
Bd3 54. Ke3 h2 0-1

[Event "42nd Olympiad 2016"]
[Site "Baku AZE"]
[Date "2016.09.10"]
[Round "8.65"]
[Board "1"]
[White "Rayes, Abdul Kader"]
[Black "Mannhart, Marcel"]
[Result "1-0"]
[BlackTitle "CM"]
[WhiteElo "2254"]
[BlackElo "2128"]
[WhiteTeam "Syria"]
[BlackTeam "Liechtenstein"]
[WhiteFideId "7600801"]
[BlackFideId "12000108"]
[EventDate "2016.09.02"]

1. d4 d6 2. Nf3 g6 3. e4 Bg7 4. h3 Nc6 5. d5 Nb8 6. c4 c6 7. Bd3 e6 8. O-O cxd5
9. cxd5 e5 10. Nc3 Ne7 11. Qa4+ Nd7 12. Qa3 Nc5 13. Bb5+ Kf8 14. Be3 a6 15. Be2
b6 16. Nd2 Bb7 17. Rac1 Kg8 18. Nc4 Nc8 19. b4 Nd7 20. Qb2 h5 21. Qd2 f6 22. f4
exf4 23. Rxf4 Rb8 24. Rcf1 Qe7 25. Bd3 b5 26. Na5 Ne5 27. R4f2 Kh7 28. Bb1 Rf8
29. Ne2 Rf7 30. Nf4 Qd7 31. Ne6 Ne7 32. Nxg7 Kxg7 33. Bh6+ Kh7 34. Be3 Ng8 35.
Qd4 Kg7 36. Rc1 Rc8 37. Rfc2 Rxc2 38. Rxc2 Bc8 39. Qc3 Bb7 40. Bd4 Ba8 41. Qe3
Rf8 42. Qc1 Qd8 43. Rc7+ Ne7 44. Kh2 Kf7 45. Ra7 Qb8 46. Qh6 Ke8 47. Bc2 Nc8 48.
Rh7 Ne7 49. Bxe5 fxe5 50. Qg7 Qc7 51. Bb3 Bb7 52. Qxg6+ Nxg6 53. Rxc7 Rf2 54.
Nxb7 Nf4 55. Nxd6+ Kd8 56. Rg7 1-0

[Event "42nd Olympiad 2016"]
[Site "Baku AZE"]
[Date "2016.09.10"]
[Round "8.65"]
[Board "2"]
[White "Iclicki, Willy"]
[Black "Bello, Gassan"]
[Result "0-1"]
[WhiteElo "1963"]
[BlackElo "2096"]
[WhiteTeam "Liechtenstein"]
[BlackTeam "Syria"]
[WhiteFideId "200450"]
[BlackFideId "7600569"]
[EventDate "2016.09.02"]

1. d4 d5 2. c4 e5 3. dxe5 d4 4. Nf3 Nc6 5. a3 Nge7 6. Bg5 a5 7. Nbd2 a4 8. g3 h6
9. Bxe7 Bxe7 10. Bg2 Bf5 11. O-O Qd7 12. b4 g5 13. b5 Nd8 14. Ne1 O-O 15. Nd3 c6
16. f4 g4 17. Be4 cxb5 18. cxb5 Bxe4 19. Nxe4 Qxb5 20. f5 Re8 21. Qd2 Kh7 22. f6
Bf8 23. Qf4 Qd7 24. h3 gxh3 25. g4 Ra5 26. Rf3 Nc6 27. Ng5+ Kg8 28. Qe4 h2+ 29.
Kh1 hxg5 30. Rh3 Qd5 31. Qxd5 Rxd5 32. Rh5 Rdxe5 33. Nxe5 Rxe5 34. Kxh2 Nb8 35.
Rc1 Nd7 36. Rc8 Nxf6 37. Rh3 Rxe2+ 38. Kg1 Kg7 39. Rd3 Re4 40. Rc4 b5 41. Rc6
Rxg4+ 42. Kh2 Nd5 0-1

[Event "42nd Olympiad 2016"]
[Site "Baku AZE"]
[Date "2016.09.10"]
[Round "8.65"]
[Board "3"]
[White "Sohib, Okla"]
[Black "Jelic, Dejan"]
[Result "1-0"]
[WhiteElo "2153"]
[BlackElo "1956"]
[WhiteTeam "Syria"]
[BlackTeam "Liechtenstein"]
[WhiteFideId "7602421"]
[BlackFideId "14531216"]
[EventDate "2016.09.02"]

1. d4 Nf6 2. Nf3 d5 3. g3 Bg4 4. Bg2 e6 5. O-O Nbd7 6. c4 c6 7. Qb3 Qb6 8. Nc3
Be7 9. c5 Qa6 10. Bf4 O-O 11. h3 Bxf3 12. Bxf3 b6 13. cxb6 axb6 14. e4 Qc4 15.
e5 Qxb3 16. axb3 Ne4 17. Nxe4 dxe4 18. Bxe4 Rac8 19. Ra7 Rfd8 20. Rc1 c5 21. d5
f5 22. dxe6 fxe4 23. exd7 Ra8 24. Rb7 g5 25. Be3 Ra6 26. b4 Kf7 27. b5 Ra5 28.
Rxb6 Rda8 29. e6+ Kf6 30. Bxc5 Bxc5 31. Rxc5 Ra1+ 32. Kg2 Rd8 33. g4 Raa8 34.
Rf5+ 1-0

[Event "42nd Olympiad 2016"]
[Site "Baku AZE"]
[Date "2016.09.10"]
[Round "8.65"]
[Board "4"]
[White "Muendle, Kurt"]
[Black "Alzaim, Talal"]
[Result "0-1"]
[WhiteElo "1857"]
[BlackElo "2259"]
[WhiteTeam "Liechtenstein"]
[BlackTeam "Syria"]
[WhiteFideId "12000159"]
[BlackFideId "7600402"]
[EventDate "2016.09.02"]

1. d4 d5 2. c4 c6 3. e3 Nf6 4. Nc3 e6 5. Bd3 Nbd7 6. Nf3 dxc4 7. Bxc4 b5 8. Bd3
Bb7 9. O-O a6 10. e4 c5 11. Bg5 cxd4 12. Nxd4 Be7 13. Re1 Nc5 14. Bc2 b4 15. e5
bxc3 16. exf6 gxf6 17. Ba4+ Nxa4 18. Qxa4+ Qd7 19. Qxd7+ Kxd7 20. Bh4 Rhg8 21.
Bg3 cxb2 22. Rab1 Bd5 23. Rxb2 Ba3 24. Rbb1 h5 25. Nc2 Bc5 26. Nb4 Bxb4 27. Rxb4
Bxa2 28. Rb7+ Ke8 29. Bd6 Rxg2+ 30. Kf1 Bc4+ 0-1

[Event "42nd Olympiad 2016"]
[Site "Baku AZE"]
[Date "2016.09.10"]
[Round "8.66"]
[Board "1"]
[White "Elliott, Warren"]
[Black "Tajedine, Sidi Mohamed"]
[Result "1-0"]
[WhiteTitle "FM"]
[WhiteElo "2238"]
[BlackElo "1796"]
[WhiteTeam "Jamaica"]
[BlackTeam "Mauritania"]
[WhiteFideId "7400179"]
[BlackFideId "26030900"]
[EventDate "2016.09.02"]

1. d4 Nf6 2. c4 g6 3. Nc3 Bg7 4. e4 d6 5. f3 Nbd7 6. Be3 e5 7. Nge2 a6 8. d5 h5
9. Qd2 Ng8 10. Nc1 Ne7 11. Bd3 Nc5 12. b4 Nxd3+ 13. Nxd3 a5 14. bxa5 Rxa5 15.
Nb5 Ra8 16. c5 Bd7 17. Qb4 O-O 18. cxd6 cxd6 19. Nxd6 Nxd5 20. exd5 e4 21. Nb2
exf3 22. O-O fxg2 23. Rf2 Qe7 24. Bc5 Qe5 25. Qe4 Qc3 26. Rc2 Qf6 27. Qxg2 b6
28. Ne4 Qe5 29. Bxf8 Bxf8 30. Rf1 Bf5 31. Rxf5 Qxf5 32. Rf2 Qe5 33. Nd3 Qd4 34.
Nf6+ Kh8 35. Qe4 Qa1+ 36. Rf1 Qc3 37. Ne5 Bc5+ 38. Kh1 Rf8 39. Nxg6+ fxg6 40.
Qxg6 Qd3 41. Qh6+ 1-0

[Event "42nd Olympiad 2016"]
[Site "Baku AZE"]
[Date "2016.09.10"]
[Round "8.66"]
[Board "2"]
[White "Yahi, Mohamed Salem"]
[Black "Lorne, Malaku"]
[Result "0-1"]
[WhiteTitle "CM"]
[BlackTitle "FM"]
[WhiteElo "1852"]
[BlackElo "2161"]
[WhiteTeam "Mauritania"]
[BlackTeam "Jamaica"]
[WhiteFideId "19600160"]
[BlackFideId "7400330"]
[EventDate "2016.09.02"]

1. d4 Nf6 2. Nf3 d5 3. g3 c5 4. dxc5 Qa5+ 5. Nc3 e6 6. Bg2 Bxc5 7. O-O O-O 8. a3
Nc6 9. Bg5 Be7 10. Re1 Rd8 11. e3 Qb6 12. b4 h6 13. Bf4 Ne4 14. Qd3 Bf6 15. Na4
Qa6 16. Qxa6 bxa6 17. Nd4 Nxd4 18. exd4 Bxd4 19. Rad1 Bxf2+ 20. Kf1 Bxe1 21.
Bxe4 Bd7 22. Nc5 dxe4 23. Kxe1 Bc6 24. Rc1 a5 25. c4 axb4 26. axb4 Rac8 27. Be3
e5 28. Ra1 Rc7 29. Ra5 Ba8 30. Ke2 Kh7 31. h4 Rd6 32. Ra1 f5 33. b5 Rf6 34. Rg1
f4 35. gxf4 exf4 36. Bd4 Rg6 37. Rxg6 Kxg6 38. Kd2 Kf5 39. Kc3 e3 40. Kd3 g5 41.
hxg5 hxg5 42. Kc3 g4 43. Nb3 g3 44. Nc1 Bf3 0-1

[Event "42nd Olympiad 2016"]
[Site "Baku AZE"]
[Date "2016.09.10"]
[Round "8.66"]
[Board "3"]
[White "Smith, Shreyas"]
[Black "Sabar, Ethmane Daouda"]
[Result "0-1"]
[BlackTitle "CM"]
[WhiteElo "2146"]
[BlackElo "2063"]
[WhiteTeam "Jamaica"]
[BlackTeam "Mauritania"]
[WhiteFideId "7400713"]
[BlackFideId "19600097"]
[EventDate "2016.09.02"]

1. e4 e5 2. Nf3 Nc6 3. Bb5 f5 4. Nc3 fxe4 5. Nxe4 d5 6. Nxe5 dxe4 7. Nxc6 Qg5 8.
Nd4+ c6 9. Bf1 Bc5 10. d3 Qe5 11. Ne2 exd3 12. Qxd3 Bf5 13. Qg3 Qxg3 14. Nxg3
Bxc2 15. Bd2 Bg6 16. Bc3 Nf6 17. Rd1 Ng4 18. Rd2 Rf8 19. f3 Ne3 20. Ne4 Bxe4 21.
fxe4 Rf7 22. g3 a5 23. a4 g6 24. Bd3 b6 25. Ke2 Ke7 26. Be5 g5 27. h4 Ke6 28.
Bc3 g4 29. e5 Raf8 30. Ke1 Nd5 31. Rf1 Rxf1+ 32. Bxf1 Nxc3 33. bxc3 Kxe5 34. Bg2
Rf6 35. Re2+ Kd6 36. Rd2+ Kc7 37. Re2 Kd6 38. Rd2+ Kc7 39. Re2 h5 40. c4 Kd6 41.
Rd2+ Ke5 42. Re2+ Kd4 43. Re4+ Kd3 44. Rf4 Re6+ 45. Kd1 Re3 46. Bf1+ Kc3 47. Rf5
Rf3 48. Rxf3+ gxf3 49. Ke1 Bd4 50. Bh3 Kxc4 51. Bd7 Kc5 52. Be8 b5 53. Bxh5 f2+
54. Kf1 bxa4 55. Bf7 Kd6 56. g4 Ke7 57. Bc4 a3 58. g5 Be3 59. h5 Kd6 60. g6 Bh6
61. Kxf2 Kc5 62. Ba2 Kd4 63. Kf3 c5 64. Ke2 Kc3 65. Kd1 Kb2 66. Bc4 a2 67. Bxa2
Kxa2 68. Kc2 Bg7 69. h6 Bxh6 70. Kc3 a4 0-1

[Event "42nd Olympiad 2016"]
[Site "Baku AZE"]
[Date "2016.09.10"]
[Round "8.66"]
[Board "4"]
[White "Hemam, Moulaye Brahim"]
[Black "Wilson, Brandon"]
[Result "0-1"]
[WhiteTitle "CM"]
[BlackTitle "CM"]
[WhiteElo "2032"]
[BlackElo "2074"]
[WhiteTeam "Mauritania"]
[BlackTeam "Jamaica"]
[WhiteFideId "19600054"]
[BlackFideId "7400500"]
[EventDate "2016.09.02"]

1. c4 Nf6 2. g3 c5 3. Bg2 Nc6 4. Nc3 g6 5. Nf3 Bg7 6. O-O O-O 7. d3 d6 8. h3 a6
9. Rb1 Rb8 10. Bd2 b5 11. b3 b4 12. Nd5 Nxd5 13. cxd5 Na7 14. Qc1 Nb5 15. e4 Na3
16. Bh6 Nxb1 17. Bxg7 Kxg7 18. Qxb1 e5 19. Nd2 a5 20. f4 f6 21. Nc4 Ba6 22. Nb2
Bb5 23. Bf3 exf4 24. gxf4 g5 25. Qc1 Qe7 26. Bg4 Ra8 27. Rf2 a4 28. bxa4 Bxa4
29. Nc4 Be8 30. Rg2 h6 31. Ne3 Bg6 32. Bf5 Qa7 33. Bxg6 Kxg6 34. Nc4 b3 35. a3
Qe7 36. h4 Rab8 37. Qb2 Kh7 38. hxg5 fxg5 39. fxg5 Rg8 40. g6+ Rxg6 41. Rxg6
Kxg6 42. e5 Qg5+ 43. Kh2 Rf8 44. Qg2 Qxg2+ 45. Kxg2 Rb8 46. Nb2 dxe5 47. Kg3 Rd8
48. Kf3 Kf5 49. Nd1 Rxd5 50. Ke2 Rd8 51. Ne3+ Kf4 0-1

[Event "42nd Olympiad 2016"]
[Site "Baku AZE"]
[Date "2016.09.10"]
[Round "8.67"]
[Board "1"]
[White "Husbands, Orlando"]
[Black "Drayton, Anthony"]
[Result "1-0"]
[WhiteTitle "FM"]
[BlackTitle "CM"]
[WhiteElo "2257"]
[BlackElo "1923"]
[WhiteTeam "Barbados"]
[BlackTeam "Guyana"]
[WhiteFideId "11101644"]
[BlackFideId "19700261"]
[EventDate "2016.09.02"]

1. e4 c6 2. Nc3 d5 3. Nf3 Bg4 4. h3 Bh5 5. exd5 cxd5 6. Bb5+ Nc6 7. g4 Bg6 8.
Ne5 Rc8 9. d4 e6 10. h4 f6 11. Nxg6 hxg6 12. Qd3 f5 13. h5 Nf6 14. Bg5 a6 15.
Bxc6+ Rxc6 16. O-O-O Rxc3 17. Qxc3 Ne4 18. Bxd8 Nxc3 19. bxc3 Kxd8 20. hxg6 Rxh1
21. Rxh1 fxg4 22. Rh8 Ke7 23. Kd2 1-0

[Event "42nd Olympiad 2016"]
[Site "Baku AZE"]
[Date "2016.09.10"]
[Round "8.67"]
[Board "2"]
[White "Greenidge, Ronuel"]
[Black "Del Castilho, Martyn"]
[Result "0-1"]
[WhiteTitle "CM"]
[BlackTitle "FM"]
[WhiteElo "1723"]
[BlackElo "2248"]
[WhiteTeam "Guyana"]
[BlackTeam "Barbados"]
[WhiteFideId "19700075"]
[BlackFideId "11100400"]
[EventDate "2016.09.02"]

1. c4 e5 2. Nc3 Nf6 3. g3 c6 4. Bg2 d5 5. cxd5 cxd5 6. Qb3 Nc6 7. Nxd5 Nd4 8.
Nxf6+ Qxf6 9. Qd1 Bf5 10. d3 Rc8 11. Bd2 Nc2+ 12. Kf1 Nxa1 13. Qxa1 Bc5 14. Be1
Rc7 15. h4 O-O 16. Nf3 Rfc8 17. Qd1 Bb4 18. Qb3 Bxe1 19. Nxe1 Rc1 20. Bd5 e4 21.
Kg2 exd3 22. Nxd3 Rxh1 23. Kxh1 Bxd3 24. Qxd3 Qxf2 25. Bc4 h6 26. b3 Qf1+ 27.
Kh2 Qf2+ 28. Kh1 Re8 29. Qf3 Qxf3+ 30. exf3 Rd8 31. a4 Rd2 32. Kg1 a5 33. h5 Kf8
34. Kf1 Ke7 35. Ke1 Rb2 36. g4 f6 37. Kd1 Kd6 38. Kc1 Rf2 39. Kd1 Rxf3 40. Kc2
Rg3 41. Be2 Ke5 0-1

[Event "42nd Olympiad 2016"]
[Site "Baku AZE"]
[Date "2016.09.10"]
[Round "8.67"]
[Board "3"]
[White "Farley, Terry"]
[Black "Su, Haifeng"]
[Result "1-0"]
[WhiteTitle "IM"]
[WhiteElo "2203"]
[BlackElo "1800"]
[WhiteTeam "Barbados"]
[BlackTeam "Guyana"]
[WhiteFideId "11100095"]
[BlackFideId "19700202"]
[EventDate "2016.09.02"]

1. e4 c6 2. d4 d5 3. e5 Bf5 4. Nf3 e6 5. Be2 Nd7 6. O-O Ne7 7. Nbd2 Nc8 8. a4 a5
9. Nb3 Be7 10. Be3 O-O 11. Qd2 Qc7 12. Rfc1 b6 13. c4 Bb4 14. Qd1 dxc4 15. Bxc4
Qb7 16. Nh4 Ne7 17. Qf3 Rab8 18. Bg5 Bg6 19. Qh3 Be4 20. Bxe6 fxe6 21. Qxe6+ Rf7
22. Qg4 Bd5 23. e6 Rff8 24. exd7 Bxb3 25. Re1 Bxe1 26. Rxe1 Ng6 27. Nf5 Rbd8 28.
Bxd8 Kh8 29. Be7 Qxd7 30. Bxf8 1-0

[Event "42nd Olympiad 2016"]
[Site "Baku AZE"]
[Date "2016.09.10"]
[Round "8.67"]
[Board "4"]
[White "Neto, Roberto"]
[Black "Lynch, Kemp"]
[Result "1/2-1/2"]
[WhiteElo "1561"]
[BlackElo "1992"]
[WhiteTeam "Guyana"]
[BlackTeam "Barbados"]
[WhiteFideId "19700318"]
[BlackFideId "11101377"]
[EventDate "2016.09.02"]

1. e4 d5 2. exd5 Qxd5 3. Nc3 Qd6 4. d4 Nf6 5. Be2 c6 6. Be3 Bf5 7. Bd3 Bxd3 8.
Qxd3 e6 9. Nf3 Nbd7 10. O-O Be7 11. Bg5 h6 12. Ne4 Qd5 13. Nxf6+ Nxf6 14. Bxf6
Bxf6 15. Rfe1 O-O-O 16. c3 Kb8 17. Qe2 Qf5 18. Qe4 Qh5 19. h3 Rhg8 20. Qf4+ Kc8
21. Ne5 Rd5 22. Qg4 Qxg4 23. Nxg4 Bd8 24. Re2 Bc7 25. Rae1 Ra5 26. b4 Ra3 27.
Rc2 Rd8 28. Ree2 a5 29. Ne5 Bxe5 30. dxe5 axb4 31. cxb4 Rd5 32. Rb2 Kc7 33. Kh2
Kb6 34. g4 Rdd3 35. Re3 Kb5 36. Rxd3 Rxd3 37. Re2 b6 38. Rc2 Rd4 39. a3 c5 40.
bxc5 bxc5 41. Rb2+ Ka4 42. Rb7 Rf4 43. Kg3 g5 44. Ra7+ Kb3 45. a4 c4 46. a5 c3
47. Rb7+ Kc2 48. a6 Kd2 49. Rd7+ Kc1 50. a7 Ra4 51. Kg2 c2 52. Rxf7 Ra6 53. Rc7
Kb2 54. Rb7+ Kc3 55. Rc7+ Kd3 56. Rd7+ Kc3 57. Rc7+ Kb3 58. Rb7+ Kc4 59. Rc7+
Kd3 60. Rd7+ Ke4 61. Rc7 Rxa7 62. Rxc2 Kxe5 63. Rc8 Kf6 64. Rc6 Re7 65. Ra6 Rd7
66. Ra5 Rh7 67. Ra4 Rd7 68. Ra5 h5 69. Ra4 h4 70. Ra2 Ke5 71. Re2+ Kf6 72. Ra2
Rd6 73. Re2 e5 74. Ra2 e4 75. Ra5 Re6 76. Rf5+ Kg6 77. Kg1 Rf6 78. Re5 Rf4 79.
Kg2 Kf6 80. Re8 1/2-1/2

[Event "42nd Olympiad 2016"]
[Site "Baku AZE"]
[Date "2016.09.10"]
[Round "8.68"]
[Board "1"]
[White "Mosenya, Ndawana"]
[Black "Knowles, Kendrick"]
[Result "1/2-1/2"]
[BlackTitle "CM"]
[WhiteElo "2003"]
[BlackElo "1825"]
[WhiteTeam "Botswana"]
[BlackTeam "Bahamas"]
[WhiteFideId "11300370"]
[BlackFideId "10400451"]
[EventDate "2016.09.02"]

1. e4 d5 2. exd5 Nf6 3. d4 Nxd5 4. Nf3 g6 5. Be2 Bg7 6. O-O O-O 7. Bg5 Nc6 8. c3
h6 9. Bd2 e5 10. Nxe5 Nxe5 11. dxe5 c6 12. c4 Nb6 13. Bc3 Qe7 14. Qd6 Qh4 15.
Nd2 Rd8 16. Nf3 Rxd6 17. Nxh4 Rd8 18. b3 g5 19. Nf3 Bf5 20. Rad1 Re8 21. Bd3 Bg4
22. Rfe1 Nd7 23. Re4 Bxf3 24. gxf3 Nxe5 25. Bxe5 Bxe5 26. Rde1 f6 27. Kg2 Red8
28. Bb1 Rd2 29. h4 Rad8 30. hxg5 hxg5 31. R1e2 Kg7 32. c5 Rxe2 33. Rxe2 Rd5 34.
b4 Rd4 35. a3 Kf7 36. Be4 Ke6 37. Bh7 a5 38. Bg8+ Ke7 39. bxa5 Ra4 40. Re4 Rxa5
41. Rb4 Rxa3 42. Rxb7+ Kf8 43. Bh7 Rc3 44. Be4 Rxc5 45. Rb6 Rb5 46. Rxc6 Ke7 47.
Bf5 Bd6 48. Bd3 Rd5 49. Be4 Rd2 50. Bf5 Rb2 51. Kf1 Bb4 52. Re6+ Kf7 53. Rc6 Ba5
54. Rc2 Rxc2 1/2-1/2